Naruto: Devinez les Kage (Extreme) - Statistiques

Statistiques générales
  • Ce quiz a été pris 685 fois
  • Le résultat moyen est 6 sur 10
Statistiques - réponses
Question Réponse % Correct
Qui était le 1er Tsuchikage? Ishikawa
81%
Qui était le 1er Mizukage Byakuren
72%
Qui était le 2ème Raikage A
71%
quel était le Kage qui c'est battu pendant plus de 3 jours seul contre un armée et qui a finit par périr? 3ème Raikage
67%
Qui était le 1er Raikage? A
67%
Quel Kage à tué le 2ème Tsuchikage? Gengetsu Hozuki ,2ème Mizukage
64%
Quel Kage à tué le 2ème Mizukage? Mu ,2ème Tsuchikage
63%
Qui était le 2ème Kazekage Shamon
58%
Qui était le 1er Kazekage? Reto
53%
Qui a fait la cicatrice au torse du 3ème Raikage? lui-même
49%
Aucun quiz correspondant
Distribution des résultats
% des personnes avec chaque résultat
Percentile par nombre de réponses
Votre historique - résultats
Vous n’avez pas pris ce quiz